[Event "Challenge"]
[Site "http://www.queenalice.com/game.php?id=223255"]
[Date "2007.6.10"]
[Round "-"]
[White "Drakar3"]
[Black "RawRaw"]
[Result "0-1"]
[WhiteElo "902"]
[BlackElo "1458"]

1. h4 d6 2. a4 b6 3. e4 a5 4. Bb5+ c6 5. Bc4 f6 6. Nf3 Bg4 7. Nd4 Bxd1 8. Kxd1
Nh6 9. Ne6 Qd7 10. d3 Ng4 11. Nc3 Nxf2+ 12. Ke1 Nxh1 13. Ne2 d5 14. N6f4 dxc4
15. Ra3 g5 16. Rc3 b5 17. dxc4 gxf4 18. Nxf4 Rg8 19. Rb3 Na6 20. axb5 Nc5 21.
Nd5 Nxe4 22. Nb6 Qd8 23. Bf4 a4 24. Re3 Qd2+ 25. Kf1 Qf2# 0-1

[Event "Challenge"]
[Site "http://www.queenalice.com/game.php?id=223528"]
[Date "2007.6.11"]
[Round "-"]
[White "Drakar3"]
[Black "Vanadia"]
[Result "0-1"]
[WhiteElo "1100"]
[BlackElo "1103"]

1. h4 e5 2. Rh3 d5 3. a4 Nf6 4. Raa3 Bxa3 5. bxa3 O-O 6. e3 c6 7. Nf3 Na6 8.
Nxe5 Qd6 9. f4 Nc5 10. Bb2 Nxa4 11. Nc3 Nxb2 12. Qf3 Bxh3 13. gxh3 Qxa3 14. Qd1
Nxd1 15. Kxd1 c5 16. Nb5 Qa4 17. Nc7 Rac8 18. Nb5 a6 19. Nf3 axb5 20. Ng5 Ne4
21. d3 Nc3+ 22. Ke1 Rfe8 23. Kf2 Qxc2+ 24. Kg3 d4 25. h5 Rxe3+ 26. Kh4 Rf3 27.
f5 Rf4+ 28. Kg3 Qd2 29. h4 Rxf1 30. Nf3 Qe2 31. h6 gxh6 32. h5 Qf2+ 33. Kf4 Ne2+
34. Ke5 Qg3+ 35. Kf6 Nf4 0-1

[Event "Challenge"]
[Site "http://www.queenalice.com/game.php?id=241450"]
[Date "2007.7.17"]
[Round "-"]
[White "Drakar3"]
[Black "TannTalas"]
[Result "0-1"]
[WhiteElo "902"]
[BlackElo "1343"]

1. e4 c5 2. Bc4 e6 3. c3 Qg5 4. d4 Qxg2 5. f3 Qxh1 6. Bf4 Qxg1+ 7. Ke2 Qg2+ 8.
Kd3 Qxb2 9. Qc2 Qxc2+ 10. Kxc2 cxd4 11. cxd4 Nc6 12. Be3 Nf6 13. Na3 Bxa3 14.
Rb1 O-O 15. Bf4 Nxd4+ 16. Kc3 Ne2+ 17. Kd3 Nxf4+ 18. Kd4 d5 19. exd5 exd5 20.
Bxd5 N6xd5 21. Rb5 Rd8 22. h4 f6 0-1

[Event "Let's Play Chess!"]
[Site "http://www.queenalice.com/game.php?id=241486"]
[Date "2007.7.18"]
[Round "-"]
[White "spawnwolfwolverine"]
[Black "Drakar3"]
[Result "1-0"]
[WhiteElo "1744"]
[BlackElo "902"]

1. c4 e5 2. e4 Bc5 3. d3 c6 4. Nf3 d5 5. cxd5 cxd5 6. Nxe5 f6 7. Nf3 Qd6 8. exd5
Qxd5 9. Nc3 Qe6+ 10. Qe2 Nh6 11. Qxe6+ 1-0

[Event "Let's Play Chess!"]
[Site "http://www.queenalice.com/game.php?id=241625"]
[Date "2007.7.18"]
[Round "-"]
[White "Drakar3"]
[Black "boonen"]
[Result "0-1"]
[WhiteElo "902"]
[BlackElo "1574"]

1. e4 d6 2. Bc4 b6 3. d4 Bb7 4. f3 g6 5. Bb5+ Nd7 6. Qd3 Nf6 7. Bg5 Bg7 8. Nc3
O-O 9. Rd1 a6 10. Bc4 b5 11. Bd5 Nxd5 12. Nxd5 Bxd5 13. exd5 Nb6 14. Qe3 Bf6 15.
Bxf6 exf6 16. Nh3 Re8 17. Ke2 Rxe3+ 18. Kxe3 Nxd5+ 19. Ke4 Nb4 20. c3 Nxa2 21.
Kd3 b4 22. Nf4 c5 23. Nd5 f5 24. Nf4 Qa5 25. Nd5 cxd4 26. Kxd4 Qc5+ 27. Kd3 bxc3
28. Ne7+ Kf8 29. Rhe1 cxb2 30. Re2 Qc3# 0-1

[Event "Let's Play Chess!"]
[Site "http://www.queenalice.com/game.php?id=241631"]
[Date "2007.7.18"]
[Round "-"]
[White "Drakar3"]
[Black "boonen"]
[Result "0-1"]
[WhiteElo "902"]
[BlackElo "1610"]

1. d4 Nc6 2. Bf4 d5 3. f3 Nf6 4. e4 dxe4 5. fxe4 Qxd4 6. Qxd4 Nxd4 7. Nf3 Nxc2+
8. Kd1 Nxa1 9. Nbd2 c6 10. Bc4 Bg4 11. Kc1 Bxf3 12. gxf3 e6 13. Bd3 Bb4 14. Kb1
Bxd2 15. Bxd2 O-O-O 16. Kxa1 Rxd3 17. Kb1 Rxd2 18. Kc1 Rhd8 19. a3 Rf2 20. Rg1
Rxh2 21. Rxg7 Rg8 22. Rxf7 Rg1# 0-1

[Event "Challenge"]
[Site "http://www.queenalice.com/game.php?id=257217"]
[Date "2007.8.18"]
[Round "-"]
[White "Drakar3"]
[Black "Hugo62"]
[Result "0-1"]
[WhiteElo "837"]
[BlackElo "1281"]

1. a4 a5 2. h4 Nf6 3. g3 Nc6 4. b3 g6 5. Bg2 e6 6. Bb2 e5 7. e4 d6 8. d4 exd4 9.
Bxd4 Rg8 10. Qd3 h5 11. Nh3 Nb4 12. Qe3 Nxc2+ 13. Kd1 Nxe3+ 14. Bxe3 Ng4 15. Bg5
Qd7 16. Nc3 b6 17. Re1 Bb7 18. Rc1 c6 19. e5 dxe5+ 20. Ke2 Ba6+ 21. Kf3 Nh2+ 22.
Ke3 Bc5+ 23. Ke4 Qf5# 0-1

[Event "AUTO-OPEN-795"]
[Site "http://www.queenalice.com/game.php?id=258797"]
[Date "2007.8.21"]
[Round "1"]
[White "xisco"]
[Black "Drakar3"]
[Result "1-0"]
[WhiteElo "1474"]
[BlackElo "823"]

1. e4 a5 2. d4 h5 3. Nf3 g6 4. Bc4 b6 5. Ng5 Bg7 6. Qf3 Nf6 7. Nxf7 Bb7 8. Nxd8
Kxd8 9. Nc3 Nc6 10. O-O Nxd4 11. Qd3 Ng4 12. f3 Ne5 13. Qd1 Ne6 14. Bxe6 1-0

[Event "AUTO-BEG-131"]
[Site "http://www.queenalice.com/game.php?id=259400"]
[Date "2007.8.22"]
[Round "1"]
[White "Drakar3"]
[Black "mattbel"]
[Result "0-1"]
[WhiteElo "836"]
[BlackElo "1547"]

1. h4 e5 2. g3 Nc6 3. a4 d6 4. b3 g6 5. Nf3 Qf6 6. d4 Bd7 7. Bg5 Qg7 8. Nc3 Be7
9. Nd5 O-O-O 10. Nxe7+ Ngxe7 11. e4 f6 12. Be3 f5 0-1

[Event "AUTO-BEG-131"]
[Site "http://www.queenalice.com/game.php?id=259401"]
[Date "2007.8.22"]
[Round "1"]
[White "mattbel"]
[Black "Drakar3"]
[Result "1-0"]
[WhiteElo "1545"]
[BlackElo "836"]

1. e4 a5 2. Nc3 b6 3. Qe2 h5 4. d3 g6 5. Bf4 Bb7 6. O-O-O Bh6 7. Nb5 Bxf4+ 8.
Kb1 d5 9. g3 Be5 10. d4 Bf6 11. e5 Bg5 12. f4 1-0

[Event "AUTO-BEG-131"]
[Site "http://www.queenalice.com/game.php?id=259402"]
[Date "2007.8.22"]
[Round "1"]
[White "Drakar3"]
[Black "cbaroni"]
[Result "0-1"]
[WhiteElo "837"]
[BlackElo "1216"]

1. h4 e5 2. a4 Bc5 3. b3 Nf6 4. g3 b6 5. Bb2 Ng4 6. d4 Bb4+ 7. Nd2 Bxd2+ 8. Qxd2
Bb7 9. Nf3 Nc6 10. Bg2 O-O 11. h5 Nxd4 12. Ng5 Bxg2 13. Rh2 Be4 0-1

[Event "AUTO-BEG-131"]
[Site "http://www.queenalice.com/game.php?id=259404"]
[Date "2007.8.22"]
[Round "1"]
[White "Drakar3"]
[Black "giulaubar"]
[Result "0-1"]
[WhiteElo "837"]
[BlackElo "1235"]

1. h4 e5 2. a4 Bc5 3. b3 Nf6 4. g3 Ng4 5. Nf3 Nxf2 6. Rh2 Nxd1 7. Kxd1 f6 8. Bh3
d6 9. Bg2 Bf2 10. Nc3 Bg4 11. e3 Bxg3 12. Rh1 Bxf3+ 13. Bxf3 g5 0-1

[Event "Challenge"]
[Site "http://www.queenalice.com/game.php?id=260171"]
[Date "2007.8.23"]
[Round "-"]
[White "gilbertoadam"]
[Black "Drakar3"]
[Result "1-0"]
[WhiteElo "1176"]
[BlackElo "836"]

1. e4 a5 2. Bc4 b6 3. Qh5 g6 4. Qd5 e6 5. Qxa8 Nc6 6. Nf3 Nb4 7. Nd4 Nf6 8. d3
Nxc2+ 9. Nxc2 Ng4 10. O-O Bg7 11. f3 Ne3 12. Re1 1-0